|
|
|
|
| LEADER |
01200nam a2200301 a 4500 |
| 001 |
3071191 |
| 003 |
BD-DhAAL |
| 005 |
20230709120644.0 |
| 008 |
111017s1998 enk bq 000 0 eng |
| 010 |
|
|
|a 97024677
|
| 020 |
|
|
|a 1856495159 (hb)
|
| 020 |
|
|
|a 1856495167 (pb)
|
| 040 |
|
|
|a DLC
|c DLC
|d DLC
|d BD-DhAAL
|
| 043 |
|
|
|a a-ii---
|
| 082 |
0 |
0 |
|a 791.43/0954
|2 21
|
| 245 |
0 |
4 |
|a The secret politics of our desires :
|b innocence, culpability, and Indian popular cinema /
|c edited by Ashis Nandy.
|
| 260 |
|
|
|a London ;
|a New York, NY, USA :
|b Zed Books ;
|a New York NY, USA :
|b Distributed in the USA exclusively by St. Martin's Press,
|c c1998.
|
| 300 |
|
|
|a ix, 259 pages ;
|c 22 cm.
|
| 504 |
|
|
|a Includes bibliographical references.
|
| 504 |
|
|
|a Filmographies.
|
| 541 |
|
|
|e 00023716
|
| 650 |
|
0 |
|a Motion pictures
|z India.
|
| 650 |
|
0 |
|a Motion pictures
|x Social aspects
|z India.
|9 54958
|
| 700 |
1 |
|
|a Nandy, Ashis.
|9 54959
|
| 852 |
1 |
|
|a Ayesha Abed Library
|c General shelf.
|
| 942 |
|
|
|2 ddc
|c BK
|
| 999 |
|
|
|c 11332
|d 11332
|
| 952 |
|
|
|0 0
|1 0
|2 ddc
|4 0
|6 791_430954000000000_SEC
|7 0
|9 18426
|a BIGD
|b BIGD
|c GEN
|d 2023-07-09
|e BDI
|l 0
|o 791.430954 SEC
|p 3050023716
|r 2011-10-18
|t 1
|w 2011-10-18
|y BK
|x Transferred from BDI to BIGD.
|